[Event "TUR Cup"]
[Site "Antalya"]
[Date "2019.01.30"]
[Round "6"]
[White "Bogaakca, Mehmet"]
[Black "Iyiol, Mehmet"]
[Result "0-1"]
[WhiteElo "1671"]
[BlackElo "1892"]
[PlyCount "116"]
[EventDate "2019.01.27"]
[EventType "swiss"]
[EventRounds "11"]
[EventCountry "TUR"]
[SourceTitle "CBM 188 Extra"]
[Source "ChessBase"]
[SourceDate "2019.02.26"]
[SourceVersion "1"]
[SourceVersionDate "2019.02.26"]
[SourceQuality "1"]

1. d4 d5 2. Nf3 Nf6 3. Bg5 e6 4. e3 Be7 5. Bd3 Nbd7 6. 0-0 0-0 7. Nbd2 c5 8. c3 b6 9. Re1 Bb7 10. Nf1 Ne4 11. Bxe7 Qxe7 12. Bxe4 dxe4 13. N3d2 f5 14. Nc4 Rad8 15. Qh5 e5 16. Nxe5 Nxe5 17. dxe5 Qxe5 18. Rad1 Rd3 19. Ng3 Qf6 20. Ne2 g6 21. Qh6 Rfd8 22. Rb1 Rd2 23. Nf4 Bd5 24. Rbd1 Bxa2 25. Rxd2 Rxd2 26. h4 Qg7 27. Qg5 h6 28. Qg3 Rxb2 29. Nxg6 Kh7 30. h5 Rd2 31. Qb8 Qf6 32. Qxa7+ Bf7 33. Rb1 Rd6 34. Qb7 Kg7 35. c4 Qg5 36. Qc7 Qf6 37. Nf4 Qe5 38. Kh2 Qf6 39. g3 Kg8 40. Rc1 Rd2 41. Kg2 Qb2 42. Rf1 Bxc4 43. Qc8+ Kg7 44. Qc7+ Bf7 45. Ne6+ Kf6 46. Nd8 Bc4 47. Nc6 Bxf1+ 48. Kg1 Kg5 49. Qf4+ Kf6 50. Qc7 Ke6 51. Qe7+ Kd5 52. Qd7+ Kc4 53. Qe6+ Kc3 54. Qe5+ Kc2 55. Qxf5 Bd3 56. Ne5 Qa1+ 57. Kh2 Qf1 58. Ng4 Rd1 0-1

[Event "TUR Cup"]
[Site "Antalya"]
[Date "2019.01.27"]
[Round "1"]
[White "Iyiol, Mehmet"]
[Black "Kalender, Murat Emre"]
[Result "1-0"]
[WhiteElo "1892"]
[BlackElo "1612"]
[PlyCount "109"]
[EventDate "2019.01.27"]
[EventType "swiss"]
[EventRounds "11"]
[EventCountry "TUR"]
[SourceTitle "CBM 188 Extra"]
[Source "ChessBase"]
[SourceDate "2019.02.26"]
[SourceVersion "1"]
[SourceVersionDate "2019.02.26"]
[SourceQuality "1"]

1. d4 Nf6 2. Nf3 d5 3. Bf4 c5 4. e3 Qb6 5. Nc3 a6 6. Rb1 Nc6 7. h3 e6 8. Be2 Be7 9. 0-0 0-0 10. a3 Rd8 11. dxc5 Qxc5 12. Bc7 Rd7 13. Na4 Qa7 14. Bb6 Qb8 15. b4 Bd8 16. b5 Ne5 17. bxa6 Nxf3+ 18. gxf3 Qe5 19. Bxd8 Rxd8 20. Nb6 Ra7 21. Nxc8 Rxc8 22. Rxb7 Rxb7 23. axb7 Rb8 24. Qb1 Qc7 25. Ba6 Nd7 26. Qb5 Ne5 27. Kg2 Qxc2 28. e4 Qd2 29. Qc5 Qg5+ 30. Kh1 Rd8 31. Qc8 Qh4 32. Qxd8+ Qxd8 33. Rc1 Nc4 34. Bxc4 Qc7 35. Rb1 Qb8 36. Ba6 h6 37. Rc1 Kh7 38. Rc8 Qa7 39. Kg2 dxe4 40. b8Q exf3+ 41. Kxf3 Qxa6 42. Rh8+ Kg6 43. Qg3+ Kf6 44. Kg2 Qa7 45. Kh2 e5 46. Rh7 g6 47. Rxh6 Ke6 48. Rh7 Kf6 49. Rh8 Ke6 50. Re8+ Kd7 51. Rxe5 f6 52. Rd5+ Ke8 53. Qxg6+ Kf8 54. Rd8+ Ke7 55. Qe8# 1-0